Průmyslové oblasti Slovenska za kapitalizmu 1780-1945

Salvato in:
Dettagli Bibliografici
Natura: Libro
Lingua:ceco
Pubblicazione: Opava Slezský ústav ČSAV 1983
Serie:Řada interních tisků č. 21
Tags: Aggiungi Tag
Nessun Tag, puoi essere il primo ad aggiungerne!!

MARC

LEADER 00000nam a2200000 4500
001 c116351
005 20041019155204.4
041 0 |a cze 
044 |a CZ 
245 1 0 |a Průmyslové oblasti Slovenska za kapitalizmu  |b 1780-1945 
264 1 |a Opava  |b Slezský ústav ČSAV  |c 1983 
300 |a 211 s. 
490 1 |a Řada interních tisků  |v č. 21 
830 0 |a Řada interních tisků  |v č. 21